000 01182naa a22002897a 4500
001 BR7703489
003 BR-BrBNA
005 20240918174015.0
007 ta
008 230509b bl.||||| |||| 00| 0 por d
040 _aBR-BrBNA
_bpor
_cBiblioteca Nacional de Agricultura
041 _a(Pt)
072 _aS10
_b9410
090 _aS10 BR7703489
100 1 _aWolfschoon, A.F.
111 1 _aReuniao Regional Sul da Sociedade Brasileira para o Progresso da Ciencia
_cFlorianopolis, SC (Brazil)
_d9 May 1977
245 1 _aAnalise do leite por espetroscopia infravermelha [Analise quimica; Analise fisica; Espectrofotometria]
260 3 _aFlorianopolis, SC (Brasil):
_c1977.
500 _aReuniao Regional Sul da Sociedade Brasileira para o Progresso da Ciencia. Resumos Florianopolis, SC (Brasil): 1977. p. 112 (BR7703489-AM)S10
650 _aComposicao de alimento
650 _aLeite
650 _aAnalise quimica
650 _aEspectrofotometria
773 0 _tReuniao Regional Sul da Sociedade Brasileira para o Progresso da Ciencia. Resumos
_wS10 BR7703489
_gFlorianopolis, SC (Brasil), 1977. p. 112
909 _a202404
_bLucia
_c55
_dLucia Elande
942 _cAM
_2AGRIS
999 _c308287
_d308287